|
|
|
|
| LEADER |
01179nam a2200265 a 4500 |
| 001 |
00021430 |
| 003 |
BD-DhAAL |
| 008 |
101021s2010 bg a b 001 0 eng |
| 040 |
|
|
|a BD-DhAAL
|c BD-DhAAL
|
| 082 |
0 |
0 |
|a 378.1554
|2 22
|
| 245 |
0 |
0 |
|a BRAC University :
|k annual report,
|f 2009.
|
| 246 |
|
|
|a BRAC University annual report 2009
|
| 260 |
|
|
|a Dhaka, Bangladesh :
|b BRAC University,
|c 2010.
|
| 300 |
|
|
|a 122 pages :
|b illustrations (some colors) ;
|c 28 cm
|
| 310 |
|
|
|a Annual
|
| 541 |
1 |
|
|e 00021430
|
| 650 |
|
0 |
|a Education, Higher.
|9 5499
|
| 650 |
|
0 |
|a University extension.
|9 3686
|
| 710 |
2 |
|
|a BRAC University
|9 251
|
| 852 |
4 |
|
|a Ayesha Abed Library
|c General Stacks
|
| 856 |
|
|
|z Full text available on BRAC University Institutional Repository
|u https://dspace.bracu.ac.bd/xmlui/handle/10361/901
|
| 942 |
|
|
|2 ddc
|c BK
|
| 999 |
|
|
|c 9856
|d 9856
|
| 952 |
|
|
|0 0
|1 0
|2 ddc
|4 0
|6 378_100000000000000_554_BRA_2010
|7 0
|8 RPT
|9 12639
|a BRACUL
|b BRACUL
|c GEN
|d 2010-10-21
|l 1
|o 378.1554 BRA
|p 3010021430
|r 2013-11-23
|s 2013-11-19
|t 1
|w 2010-10-21
|y BK
|
| 952 |
|
|
|0 0
|1 0
|2 ddc
|4 0
|6 378_100000000000000_554_BRA_2010
|7 1
|8 RPT
|9 12640
|a BRACUL
|b BRACUL
|c REF
|d 2010-10-21
|l 0
|o 378.1554 BRA
|p 3010021429
|r 2010-10-21
|t 2
|w 2010-10-21
|y BK
|